Alberta Members of the Legislative Assembly (MLA’s) - Statistics

General Stats
  • This quiz has been taken 4 times
  • The average score is 27 of 87
Answer Stats
Riding Party MLA % Correct
Edmonton-Strathcona NDP Rachel Notley
100%
Fort McMurray-Lac La Biche UCP Brian Jean
75%
Calgary-Bow UCP Demetrios Nicolaides
75%
Cypress-Medicine Hat Independent Drew Barnes
75%
Edmonton-Highlands-Norwood NDP Janis Irwin
75%
Calgary-Varsity UCP Jason Copping
75%
Calgary-Lougheed UCP Jason Kenney
75%
Rimbey-Rocky Mountain House-Sundre UCP Jason Nixon
75%
Calgary-Klein UCP Jeremy Nixon
75%
Edmonton-South West UCP Kaycee Madu
75%
Central Peace-Notley Independent Todd Loewen
75%
Airdrie-East UCP Angela Pitt
50%
Bonnyville-Cold Lake-St. Paul UCP Dave Hanson
50%
Innisfail-Sylvan Lake UCP Devin Dreeshen
50%
Taber-Warner UCP Grant Hunter
50%
Calgary-Foothills UCP Jason Luan
50%
Calgary-Buffalo NDP Joe Ceci
50%
Cardston-Siksika UCP Joseph Schow
50%
Chestermere-Strathmore UCP Leela Aheer
50%
Edmonton-Riverview NDP Lori Sigurdson
50%
Drayton Valley-Devon UCP Mark Smith
50%
Calgary-South East UCP Matt Jones
50%
Strathcona-Sherwood Park UCP Nate Glubish
50%
Drumheller-Stettler UCP Nate Horner
50%
Olds-Didsbury-Three Hills UCP Nathan Cooper
50%
Lethbridge-East UCP Nathan Neudorf
50%
Calgary-Edgemont UCP Prasad Panda
50%
Calgary-North East UCP Rajan Sawhney
50%
Calgary-Shaw UCP Rebecca Schulz
50%
Calgary-Hays UCP Rick McIver
50%
Highwood UCP RJ Sigurdson
50%
Edmonton-Glenora NDP Sarah Hoffman
50%
Lethbridge-West NDP Shannon Phillips
50%
Calgary-North West UCP Sonya Savage
50%
Edmonton-South NDP Thomas Dang
50%
Grande Prairie-Wapiti UCP Travis Toews
50%
Calgary-Acadia UCP Tyler Shandro
50%
Red Deer-North UCP Adriana LaGrange
25%
Edmonton-Decore NDP Chris Nielsen
25%
Edmonton-Mill Woods NDP Christina Gray
25%
Peace River UCP Dan Williams
25%
Calgary-Falconridge UCP Devinder Toor
25%
Calgary-Elbow UCP Doug Schweitzer
25%
Athabaska-Barrhead-Westlock UCP Glenn van Dijken
25%
Edmonton-Manning NDP Heather Sweet
25%
Edmonton-Meadows NDP Jasvir Deol
25%
St. Albert NDP Marie Renaud
25%
Edmonton-Gold Bar NDP Marlin Schmidt
25%
West Yellowhead UCP Martin Long
25%
Calgary-Cross UCP Mickey Amery
25%
Calgary-North UCP Muhammed Yaseen
25%
Lesser Slave Lake UCP Pat Rehn
25%
Airdrie-Cochrane UCP Peter Guthrie
25%
Calgary-East UCP Peter Singh
25%
Edmonton-Whitemud NDP Rakhi Pancholi
25%
Calgary-Fish Creek UCP Richard Gotfried
25%
Maskwacis-Wetaskiwin UCP Rick Wilson
25%
Lacombe-Ponoka UCP Ron Orr
25%
Lac Ste. Anne-Parkland UCP Shane Getson
25%
Fort McMurray-Wood Buffalo UCP Tany Yao
25%
Leduc-Beaumont UCP Brad Rutherford
0%
Morinville-St. Albert UCP Dale Nally
0%
Edmonton-North West NDP David Eggen
0%
Edmonton-City Centre NDP David Shepherd
0%
Edmonton-Beverly-Clareview NDP Deron Bilous
0%
Vermilion-Lloydminster-Wainwright UCP Garth Rowswell
0%
Calgary-McCall NDP Irfan Sabir
0%
Fort Saskatchewan-Vegreville UCP Jackie Armstrong-Homeniuk
0%
Camrose UCP Jackie Lovely
0%
Red Deer-South UCP Jason Stephan
0%
Edmonton-West Henday NDP Jon Carson
0%
Sherwood Park UCP Jordan Walker
0%
Calgary-Beddington UCP Josephine Pon
0%
Calgary-Mountain View NDP Kathleen Ganley
0%
Edmonton-McClung NDP Lorne Davh
0%
Brooks-Medicine Hat UCP Michaela Frey
0%
Calgary-West UCP Mike Ellis
0%
Banff-Kananaskis UCP Miranda Rosin
0%
Calgary-Currie UCP Nicholas Millikan
0%
Edmonton-Castle Downs NDP Nicole Goehring
0%
Edmonton-Rutherford NDP Richard Feehan
0%
Edmonton-Ellerslie NDP Rod Loyola
0%
Livingstone-Macleod UCP Roger Reid
0%
Spruce Grove-Stony Plain UCP Searle Turton
0%
Calgary-Piegan UCP Tanya Fir
0%
Grande Prairie UCP Tracy Allard
0%
Calgary-Glennore UCP Whitney Issik
0%
No matching quizzes found
Score Distribution
Percent of People with Each Score
Percentile by Number Answered
Your Score History
You have not taken this quiz